000 00543nam a2200181Ia 4500
999 _c29114
_d29114
003 OSt
005 20201112101416.0
008 190216s9999||||xx |||||||||||||| ||und||
020 _a9788124005736
040 _coclc
082 _a894.8123
_bSRE/A
100 _a Sreedharan, Perumpadavom
_96466
245 0 _aAnthiveyilile Ponnu /
_cPerumpadavom Sreedharan
260 _bSahithya Pravarthaka Sahakarana Sangam,
_aKottayam:
300 _a352p
650 _aNovel
942 _cBK
_2ddc
_h894.8123
_iSRE/A
_k894.8123
_mSRE/A